000 01682nam a22003017a 4500
003 DO-SdBNP
005 20210513124139.0
008 210309b 2004 dr | 00| 0 spa d
020 _a9993439274
040 _aBPMSU
_bspa
_cBPMSU
082 _aRD862.08
_bQ1a 2004
_222
245 0 0 _aAntología del teatro dominicano contemporáneo /
_ccompilador L. Howard Quackenbush ; cuidado de la edición Tomás Castro Burdiez
260 _aSanto Domingo :
_bLibrería la Trinitaria,
_c2004
300 _a2 v. ;
_c 24 cm.
440 _v
500 _aIncluye datos biográficos del compilador en la solapa de la cubierta
500 _a Bibliografía : p. 309-310
500 _a
505 0 _aV. 1 : Introducción al teatro dominicano contemporáneo -- ¡Hágase la mujer! / Juan Carlos Campos -- Los lectores del ático de Efraím / A. Castillo Arredondo -- Un comercial para Máximo Gómez de / Reynaldo Disla -- Bianto y su señor de / Haffe Serulle -- La danza de Mingó de / Haffe Serulle -- Fábula de los cinco caminantes de / Iván García Guerra -- Andrómaca de / Iván García Guerra -- Bibliografía. V. 2 : Bolo Francisco de Reynaldo Disla -- La última cita de / Rafael García H. -- El rey Clinejas de / Manuel Rueda González -- El último instante de / Franklin Domínguez Hernández -- Pirámide 179 de / Máximo Avilés Blonda. Bibliografía.
590 _6Inventariado, 2021/VM
650 4 _aTeatro dominicano
_xHistoria y crítica.
_z
650 4 _aDrama domincano
_xHistoria y crítica
700 _aQuackenbush, Louis Howard,
_d1939-
_ecomp.
700 _aCastro Burdiez, Tomás
_eed.
830 _vTomo I
910 _aVMateo
942 _2ddc
_cBK
999 _c13390
_d13390